[Event "Hamar op"]
[Site "Hamar"]
[Date "2008.11.27"]
[Round "6"]
[White "Bakken, Ole"]
[Black "Rodvik, Trym Daniel"]
[Result "0-1"]
[WhiteElo "1394"]
[BlackElo "1007"]
[PlyCount "84"]
[EventDate "2008.09.04"]
[EventType "swiss"]
[EventRounds "7"]
[EventCountry "NOR"]
[SourceTitle "EXT 2024"]
[Source "ChessBase"]
[SourceDate "2023.10.10"]
[SourceVersion "1"]
[SourceVersionDate "2023.10.10"]
[SourceQuality "1"]

1. e4 c5 2. Nf3 Nc6 3. c3 Nf6 4. e5 Nd5 5. d4 d6 6. Bb5 a6 7. Bxc6+ bxc6 8. dxc5 dxc5 9. h3 Bf5 10. 0-0 Qc7 11. Qa4 e6 12. Bg5 h6 13. Bh4 g5 14. Bg3 Rg8 15. Nh2 h5 16. f3 Ne3 17. Re1 Nc2 18. Nd2 Nxa1 19. Rxa1 Qb6 20. Nc4 Qb5 21. Qxb5 cxb5 22. Nd6+ Bxd6 23. exd6 Kd7 24. Rd1 f6 25. Nf1 c4 26. Ne3 Bd3 27. Bf2 Kxd6 28. b3 Ke7 29. bxc4 bxc4 30. Rd2 Rab8 31. Kh2 Rgd8 32. Nd1 Bg6 33. Bc5+ Kf7 34. Rxd8 Rxd8 35. Nb2 Bd3 36. Kg3 Rb8 37. Nxd3 cxd3 38. Be3 f5 39. Kf2 Rb2+ 40. Ke1 f4 41. Bd2 Rb1+ 42. Kf2 Rd1 0-1

[Event "Hamar op"]
[Site "Hamar"]
[Date "2008.09.04"]
[Round "1"]
[White "Bakken, Ole"]
[Black "Holm, Ragnar"]
[Result "0-1"]
[WhiteElo "1394"]
[BlackElo "2049"]
[PlyCount "100"]
[EventDate "2008.09.04"]
[EventType "swiss"]
[EventRounds "7"]
[EventCountry "NOR"]
[SourceTitle "EXT 2024"]
[Source "ChessBase"]
[SourceDate "2023.10.10"]
[SourceVersion "1"]
[SourceVersionDate "2023.10.10"]
[SourceQuality "1"]

1. e4 c5 2. Nf3 e6 3. Nc3 a6 4. d4 cxd4 5. Nxd4 Qc7 6. Be3 Bb4 7. Bd2 Nf6 8. Bd3 Nc6 9. Nxc6 dxc6 10. Qe2 Bd6 11. h3 b5 12. a3 c5 13. b3 Bb7 14. 0-0 Rc8 15. Qe1 c4 16. bxc4 bxc4 17. Be2 Nxe4 18. Nxe4 Bxe4 19. Bb4 0-0 20. Rd1 Bd5 21. Bxd6 Qxd6 22. Qc3 Qf4 23. Rd4 Qf6 24. Rfd1 Rc5 25. Qe3 Rfc8 26. Rf4 Qg5 27. Bf3 e5 28. Rg4 Qxe3 29. fxe3 Be6 30. Rg3 Ra5 31. Ra1 g6 32. e4 Rd8 33. Bg4 Bxg4 34. hxg4 Rd4 35. Re3 Rb5 36. Re2 Kg7 37. Kf2 Rb6 38. Ke3 Rf6 39. Rb1 Rf4 40. Rb6 Rdxe4+ 41. Kd2 c3+ 42. Kd3 Rxe2 43. Kxe2 Rd4 44. Rxa6 Rd2+ 45. Kf3 Rxc2 46. a4 Ra2 47. Rc6 Rxa4 48. Rxc3 Kh6 49. Rc7 Rf4+ 50. Kg3 Kg5 0-1

[Event "Hamar op"]
[Site "Hamar"]
[Date "2007.12.06"]
[Round "7"]
[White "Bakken, Ole"]
[Black "Solbakken, Jan Borge"]
[Result "0-1"]
[WhiteElo "1323"]
[BlackElo "1619"]
[PlyCount "91"]
[EventDate "2007.09.06"]
[EventType "swiss"]
[EventRounds "7"]
[EventCountry "NOR"]
[SourceTitle "EXT 2024"]
[Source "ChessBase"]
[SourceDate "2023.10.10"]
[SourceVersion "1"]
[SourceVersionDate "2023.10.10"]
[SourceQuality "1"]

1. e4 c5 2. Nf3 d6 3. Bb5+ Bd7 4. Bxd7+ Qxd7 5. c4 Nc6 6. Nc3 Nf6 7. 0-0 g6 8. d4 cxd4 9. Nxd4 Bg7 10. Nde2 0-0 11. f3 Rac8 12. Be3 Nh5 13. Qd2 f5 14. Rac1 b6 15. b3 Ne5 16. f4 Ng4 17. Bd4 Rf7 18. Bxg7 Nxg7 19. e5 Qc6 20. Nd4 Qd7 21. Nf3 Ne6 22. h3 Nh6 23. Rfd1 Qc6 24. Kh2 Rd8 25. Nd5 Rg7 26. Rc3 Kf8 27. Qe3 Qc5 28. Qe1 Nf7 29. Re3 dxe5 30. Nxe5 Nxf4 31. Nxf7 Rxf7 32. Nc3 Rxd1 33. Nxd1 Qd6 34. Kh1 Nh5 35. Nc3 f4 36. Re6 Ng3+ 37. Kg1 Qd4+ 38. Kh2 Qd3 39. Nd5 Nf5 40. Qe5 Qg3+ 41. Kg1 Rg7 42. Nxf4 Kf7 43. Qd5 Kf8 44. Nh5 gxh5 45. Qxf5+ Rf7 46. Qd3 0-1

[Event "Hamar op"]
[Site "Hamar"]
[Date "2007.09.06"]
[Round "1"]
[White "Hoel, Ole"]
[Black "Bakken, Ole"]
[Result "1-0"]
[WhiteElo "1676"]
[BlackElo "1338"]
[PlyCount "93"]
[EventDate "2007.09.06"]
[EventType "swiss"]
[EventRounds "7"]
[EventCountry "NOR"]
[SourceTitle "EXT 2024"]
[Source "ChessBase"]
[SourceDate "2023.10.10"]
[SourceVersion "1"]
[SourceVersionDate "2023.10.10"]
[SourceQuality "1"]

1. d4 Nf6 2. g3 g6 3. Bg2 Bg7 4. e4 d6 5. Ne2 0-0 6. 0-0 Nbd7 7. c3 c5 8. Nd2 Rb8 9. Qc2 b5 10. a4 b4 11. a5 Ba6 12. Re1 Rb5 13. cxb4 Rxb4 14. dxc5 Nxc5 15. Ra3 Nfd7 16. Nf4 Ne5 17. Nd5 Rb5 18. b4 Ncd7 19. Bf1 Rxd5 20. exd5 Bb7 21. Bg2 Qa8 22. Qb3 a6 23. Bb2 e6 24. f4 Ng4 25. h3 Qa7+ 26. Kh1 Qf2 27. Rf1 Qxd2 28. Bc1 Nf2+ 29. Kh2 Ng4+ 30. hxg4 Qe2 31. Ra2 Qxg4 32. dxe6 Qh5+ 33. Kg1 Bxg2 34. Kxg2 Nf6 35. exf7+ Rxf7 36. Rc2 Qf5 37. Rc7 Qe4+ 38. Kg1 d5 39. Rc8+ Rf8 40. Rxf8+ Kxf8 41. Qe3 Qc4 42. Qc5+ Kg8 43. Re1 Qa2 44. Qc8+ Kf7 45. Qe6+ Kf8 46. Qe7+ Kg8 47. Qd8+ 1-0